Loading...
| Current Events | 1 | 20.00 | 100% | 100% | 0% |
| Fine Arts - Classical Music | 8 | 12.50 | 88% | 38% | 0% |
| Fine Arts - Other Fine Arts | 7 | 17.14 | 100% | 57% | 14% |
| Fine Arts - Painting & Sculpture | 6 | 15.00 | 100% | 50% | 0% |
| Geography | 4 | 15.00 | 100% | 50% | 0% |
| History - American History | 7 | 17.14 | 100% | 71% | 0% |
| History - European History | 5 | 14.00 | 80% | 60% | 0% |
| History - Other History | 9 | 11.11 | 89% | 22% | 0% |
| History - World History | 6 | 10.00 | 100% | 0% | 0% |
| Literature - American Literature | 5 | 14.00 | 100% | 40% | 0% |
| Literature - British Literature | 7 | 10.00 | 71% | 14% | 14% |
| Literature - European Literature | 4 | 10.00 | 100% | 0% | 0% |
| Literature - World Literature | 4 | 15.00 | 100% | 25% | 25% |
| Mythology | 4 | 10.00 | 100% | 0% | 0% |
| Other Academic | 3 | 10.00 | 100% | 0% | 0% |
| Philosophy | 8 | 11.25 | 100% | 13% | 0% |
| Religion | 8 | 17.50 | 88% | 75% | 13% |
| Science - Biology | 6 | 10.00 | 83% | 0% | 17% |
| Science - Chemistry | 7 | 11.43 | 100% | 14% | 0% |
| Science - Other Science | 7 | 10.00 | 100% | 0% | 0% |
| Science - Physics | 7 | 14.29 | 100% | 43% | 0% |
| Social Science | 9 | 14.44 | 89% | 44% | 11% |